000 00624nam a2200217Ia 4500
005 20230127105102.0
008 131103s9999 xx 000 0 und d
020 _a8173045879
_cRs 150
040 _aLoreto College
041 _aEnglish
082 _a954.01
_bJHA
100 _aJha, D.N.
245 _aEarly India
_b A concise history
_cD.N. Jha
260 _aNew Delhi
_bManohar Publishers and Distributors
_c2005
300 _a269p
_b maps,plates, photos
504 _aIncludes bibliographical references and index
650 _aIndia, History
651 _aIndia, Early History
850 _aLCLIB
942 _cBK
999 _c14827
_d65306